Govt. of
Madhya Pradesh

The Court of William 3 (Record no. 37521)

MARC details
000 -LEADER
fixed length control field 004260000a22001690004500
003 - CONTROL NUMBER IDENTIFIER
control field MACL
005 - DATE AND TIME OF LATEST TRANSACTION
control field 20160112152534.0
008 - FIXED-LENGTH DATA ELEMENTS--GENERAL INFORMATION
fixed length control field 160112b xxu||||| |||| 00| 0 eng d
040 ## - CATALOGING SOURCE
Original cataloging agency MACL
Transcribing agency MACL
041 ## - LANGUAGE CODE
Language code of text/sound track or separate title English
082 ## - DEWEY DECIMAL CLASSIFICATION NUMBER
Classification number 923.1/GRE
100 ## - MAIN ENTRY--PERSONAL NAME
Personal name Grew, Marion Sharpe
9 (RLIN) 31460
245 ## - TITLE STATEMENT
Title The Court of William 3
260 ## - PUBLICATION, DISTRIBUTION, ETC. (IMPRINT)
Name of publisher, distributor, etc. Mills & Boon Limited
Place of publication, distribution, etc. London
650 ## - SUBJECT ADDED ENTRY--TOPICAL TERM
Topical term or geographic name as entry element Biography
9 (RLIN) 31461
942 ## - ADDED ENTRY ELEMENTS (KOHA)
Koha item type Books
Call number prefix 923.1/GRE
Source of classification or shelving scheme
Holdings
Withdrawn status Lost status Source of classification or shelving scheme Damaged status Not for loan Home library Current library Date acquired Total Checkouts Full call number Barcode Date last seen Uniform Resource Identifier Price effective from Koha item type
          MACL MACL 15/04/2015   923.1/GRE CLE000763 29/04/2015 37735 15/04/2015 Books